00614cam a22002411 4500001001300000003000400013005001700017008004100034010001700075035002000092040001800112042001200130043001200142050001700154100002900171245003400200260001100234300001600245500001600261504003100277650004700308999001700355sa 64002733 DLC20260227112011.0890925m19629999ii b 000 0 beno  asa 64002733  a(OCoLC)20387249 aDLCcWaUdDLC apremarc aa-ii---00aPK1701b.B441 aBhattacharjee, Tarapada.10aBaṅgasāhityera itihāsa. c[1962- a v.c23 cm. aIn Bengali. aBibliographical footnotes. 0aBengali literaturexHistory and criticism. c57480d57480